Trends of Urbanisation in Utter Pradesh (Record no. 408458)

000 -LEADER
fixed length control field 00450cam a22001337a 4500
008 - FIXED-LENGTH DATA ELEMENTS--GENERAL INFORMATION
fixed length control field 180718b1981 xxu||||| |||| 00| 0 eng d
082 ## - DEWEY DECIMAL CLASSIFICATION NUMBER
Classification number B131x5421 sa29 c.2.
100 ## - MAIN ENTRY--PERSONAL NAME
Personal name Sexena ,Sudha
245 ## - TITLE STATEMENT
Title Trends of Urbanisation in Utter Pradesh
Statement of responsibility, etc. Edited by Sudha Sexena
260 ## - PUBLICATION, DISTRIBUTION, ETC.
Place of publication, distribution, etc. Agra
Name of publisher, distributor, etc. Arvink Vivek prakashan
Date of publication, distribution, etc. 1981
300 ## - PHYSICAL DESCRIPTION
Extent ix, 274p
650 ## - SUBJECT ADDED ENTRY--TOPICAL TERM
Topical term or geographic name entry element Urbanization --India --Uttar Pradesh
650 ## - SUBJECT ADDED ENTRY--TOPICAL TERM
Topical term or geographic name entry element Cities and towns --India --Uttar Pradesh --Growth
Holdings
Withdrawn status Lost status Damaged status Not for loan Permanent Location Current Location Date acquired Full call number Barcode Date last seen Price effective from Koha item type
        Indian Institute of Public Administration Indian Institute of Public Administration 2008-12-19 B131x5421 sa29 c.2. DA5359 2018-07-21 2018-07-21 DA

Powered by Koha